000 00677nam a2200289Ia 4500
005 20260324125028.0
008 008 260324s9999 xx 000 0 eng d
020 _a9780203871874
037 _aEBOOK
040 _aCRL
040 _beng
040 _cCRL
041 _2eng
041 _aeng
084 _qCRL
100 _aDale Mathers
_91160312
245 0 _aVision and Supervision
245 0 _bJungian and Post-Jungian Perspectives
260 _bTaylor and Francis
260 _c2009
365 _a
365 _b195
856 _uhttp://www.taylorfrancis.com/books/9780203871874
942 _cEBOOK
999 _c1771318
_d1771318